| 000 | 00476nam a2200181Ia 4500 | ||
|---|---|---|---|
| 008 | 220204s9999 xx 000 0 und d | ||
| 020 | _a1933699914 | ||
| 082 |
_aNR:631.535 _bCOR |
||
| 100 | _aCORPUZ, Onofre | ||
| 245 | 0 | _aCrop protection:Ecofriendly approaches | |
| 260 |
_aStudium press LLC _bU S A _c2012 |
||
| 650 | _aCarbon Sequestration | ||
| 650 | _aCarbon Storage | ||
| 650 | _aCotabato | ||
| 650 | _aIntercropping | ||
| 650 | _aRubber Plantation | ||
| 942 | _cBK | ||
| 999 |
_c43123 _d43123 |
||